000 00742cam a22002653a 4500
001 13740
003 PGUSA
005 20140828083308.0
008 041013s2004||||xxu|||||s|||||000 1 eng d
040 _aPGUSA
_beng
042 _adc
050 4 _aPS
100 1 _aLibbey, Laura Jean,
_d1862-1924
245 1 0 _aMischievous Maid Faynie
_h[electronic resource] /
_cLaura Jean Libbey
260 _bProject Gutenberg,
_c2004
506 _aPublic domain in the USA.
516 _aElectronic text
653 _aAdventure stories
653 _aLove stories
653 _aImpostors and imposture -- Fiction
653 _aDime novels
830 0 _aProject Gutenberg
_v13740
856 4 0 _uhttp://www.gutenberg.org/ebooks/13740
942 _cEB
999 _c242995
_d242995